Analýza drsnosti povrchu vytvoreného pomocou rôznych procesných parametrov 3D tlače

Guardado en:
Detalles Bibliográficos
Autor principal: Damaškovič, Gabriel (Autor)
Otros Autores: Labašová, Eva (Orientador)
Formato: Manuscrito Libro
Lenguaje:eslovaco
Publicado: 2022
Materias:
Acceso en línea:http://is.stuba.sk/zp/portal_zp.pl?podrobnosti=160185
Etiquetas: Agregar Etiqueta
Sin Etiquetas, Sea el primero en etiquetar este registro!

MARC

LEADER 00000ntm a22000003a 4500
001 stuzp89602
003 SK-STU
005 20220702211936.7
007 ta
008 150427s2015----xo-----f-mn---000-0-slo-d
040 |a STU  |b slo 
041 0 |a slo 
100 1 |a Damaškovič, Gabriel  |u 066000  |4 aut  |U MTF Materiálovotechnologická fakulta  |T MTF Ústav aplikovanej informatiky, automatizácie a mechatroniky  |X 106300  |U M6000  |Y 86  |7 106300 
242 0 1 |a Analysis of surface roughness created using different process parameters of 3D printing  |y eng 
245 1 0 |a Analýza drsnosti povrchu vytvoreného pomocou rôznych procesných parametrov 3D tlače 
260 |c 2022 
650 4 |a drsnosť  |2 slo 
650 4 |a analýza  |2 slo 
650 4 |a Microsoft excel  |2 slo 
650 4 |a faktorový návrh  |2 slo 
650 4 |a Plánovaný experiment  |2 slo 
650 4 |a factorial design  |2 eng 
650 4 |a analysis  |2 eng 
650 4 |a roughness  |2 eng 
650 4 |a Microsoft excel  |2 eng 
650 4 |a Planned experiment  |2 eng 
700 1 |a Labašová, Eva  |u 066000  |k Z1  |4 ths  |U MTF Materiálovotechnologická fakulta  |T MTF Ústav aplikovanej informatiky, automatizácie a mechatroniky  |X 1539  |U M6000  |Y 86  |7 A000001539 
856 4 |u http://is.stuba.sk/zp/portal_zp.pl?podrobnosti=160185 
996 |c M* BP-9308  |l MMSKP  |s P  |a 0  |w stuzp89602_0001